B:llä alkavat valtiot kartalla - Äkkikuolema - Statistics

Yleistilastot
  • Tätä visaa on pelattu 518 kertaa
  • Keskiarvotulos 9 / 14
Answers on the Grid
Answers color-coded by a green-red scale on the quiz's grid according to % correct below.
 
Vastaustilastot
Vastaus % Oikein
Bahama, Barbados, Belize, Brasilia
91%
Bolivia, Brasilia
88%
Brasilia
83%
Belgia, Bosnia ja Hertsegovina, Bulgaria
81%
Brasilia
67%
Benin, Burkina Faso
67%
Botswana, Burundi
63%
Bangladesh, Bhutan
61%
Brasilia
60%
Bangladesh
57%
Belgia
56%
Bahrain
46%
Bahama
39%
Brunei
37%
Ehtoja vastaavia visoja ei löytynyt
Tulosjakauma
Jokaisen tuloksen saaneiden osuus
Persentiili vastausten määrän mukaan
Tuloshistoriasi
Et ole pelannut tätä visaa